Handbook of Teichmuller theory

Αποθηκεύτηκε σε:
Λεπτομέρειες βιβλιογραφικής εγγραφής
Άλλοι συγγραφείς: Papadopoulos, Athanase (Επιμελητής έκδοσης)
Μορφή: Βιβλίο
Γλώσσα:English
Δημοσίευση: Zurich : European Mathematical Society, c2016.
Σειρά:IRMA lectures in mathematics and theoretical physics 26, 27
Θέματα:
Ετικέτες: Προσθήκη ετικέτας
Δεν υπάρχουν, Καταχωρήστε ετικέτα πρώτοι!

MARC

LEADER 00000cam a2200000 a 4500
001 1/112125
008 160930t2016####sz | ||| |||| ||eng||
020 |a 9783037191606 
020 |a 9783038191613 
040 |a GR-MyUa  |b gre  |c GR-MyUa  |e AACR2 
041 0 |a eng 
082 7 |a 515.94   |2 (23)  
245 1 0 |a Handbook of Teichmuller theory /   |c Athanase Papadopoulos, editor.  
260 |a Zurich :   |b European Mathematical Society,   |c c2016.  
300 |a 2 τ. :   |b εικ., σχέδια ;   |c 25 εκ. 
490 1 |a (IRMA lectures in mathematics and theoretical physics ;   |v 26, 27) 
504 |a Περιέχουν βιβλιογραφικές αναφορές και ευρετήρια.  
650 0 |a Teichmuller spaces. 
700 1 |a Papadopoulos, Athanase,  |e edt 
830 0 |a IRMA lectures in mathematics and theoretical physics  |v  26, 27 
852 |a INST  |b SAMOS  |e 20160930  |h 515.94 HAN  |p 005300043837  |q 005300043837  |t BK  |v τομ.5:  |y 0 
852 |a INST  |b SAMOS  |e 20160930  |h 515.94 HAN  |p 005300043838  |q 005300043838  |t BK  |v τομ.6:  |y 0 
853 |a INST  |b SAMOS  |h 515.94 HAN 
922 |a 3ΕΛΗ  |b 201607  |c Τμήμα Μαθηματικών/Μεταπτυχιακό  |d Δρές 
970 |a Κοσιέρης  |b Χρήστος  |z 30-09-2016